|
|
|
|
| LEADER |
01293nam a2200289 a 4500 |
| 001 |
16530072 |
| 008 |
120308s2011 caua b 001 0 eng d |
| 010 |
|
|
|a 2010043374
|
| 020 |
|
|
|a 9781933952789 (soft cover : alk. paper)
|
| 020 |
|
|
|a 1933952784 (soft cover : alk. paper)
|
| 040 |
|
|
|a DLC
|c DLC
|d YDX
|d BTCTA
|d YDXCP
|d BWX
|d CDX
|d HF9
|d DLC
|d BD-DhAAL
|
| 082 |
0 |
0 |
|a 005.1/4
|2 22
|
| 100 |
1 |
|
|a Spillner, Andreas.
|
| 245 |
1 |
0 |
|a Software testing foundations :
|b a study guide for the certified tester exam : foundation level, ISTQB compliant /
|c Andreas Spillner, Tilo Linz, Hans Schaefer.
|
| 250 |
|
|
|a 3rd ed.
|
| 260 |
|
|
|a Santa Barbara, CA :
|b Rocky Nook ;
|a Sebastopol, CA :
|b Distributed by O'Reilly Media,
|c c2011.
|
| 300 |
|
|
|a xi, 284 p. :
|b ill. ;
|c 24 cm.
|
| 504 |
|
|
|a Includes bibliographical references and index.
|
| 541 |
1 |
|
|e 00024600
|
| 650 |
|
0 |
|a Computer software
|x Testing.
|
| 650 |
|
0 |
|a Computer software
|x Verification.
|
| 650 |
|
0 |
|a Computer software
|x Evaluation.
|
| 700 |
1 |
|
|a Linz, Tilo.
|
| 700 |
1 |
|
|a Schaefer, Hans,
|d 1952-
|
| 852 |
1 |
|
|a Ayesha Abed Library
|j General shelf
|
| 999 |
|
|
|c 11948
|d 11948
|
| 952 |
|
|
|0 0
|1 0
|4 0
|6 005_140000000000000_SPI
|7 0
|9 19613
|a BRACUL
|b BRACUL
|c GEN
|d 2012-03-08
|e Trim Education
|g 4375.00
|l 3
|m 10
|o 005.14 SPI
|p 3010024600
|r 2026-01-27
|s 2025-12-15
|t 1
|w 2012-03-08
|y BK
|